000 00482nam a2200193 a 4500
005 20140412111346.0
008 041013s19uu xx 00 eng d
020 _a0-590-72885-7
050 _aBB
_bHo78 1993
100 _aWolkstein, Diane
245 _aHorse and Toad /
_cDiane Wolkstein.
260 _aU.S :
_bScholastic,
_c1993.
300 _a16
440 _aBig Multicultural Tales
650 _aFolktale- Haiti
999 _c105206
_d105206